La sistematización como experiencia investigativa y formativa /

Uloženo v:
Podrobná bibliografie
Hlavní autor: Cendales, Lola
Další autoři: Torres, Alfonso
Médium: Text
Tagy: Přidat tag
Žádné tagy, Buďte první, kdo vytvoří štítek k tomuto záznamu!

MARC

LEADER 00000 a a2200000 04500
001 9073
003
040
100 |a Cendales, Lola  
245 |a La sistematización como experiencia investigativa y formativa /  |c Lola Cendales 
700 |a Torres, Alfonso  
773 |g número 23; páginas 29-38  
999 |c 28819  |d 28819